লোডিং...

Third world and press freedom

গ্রন্থ-পঞ্জীর বিবরন
প্রধান লেখক: Horton, Philip C,Ed
বিন্যাস: Printed Book
প্রকাশিত: New York Praeger Publishers
বিষয়গুলি:
LEADER 00404nam a22001217a 4500
082 |a 323.445  |b HOR.T 
100 |a Horton, Philip C,Ed. 
245 |a Third world and press freedom 
260 |a New York  |b Praeger Publishers 
650 |a Human Rights 
942 |c BK 
999 |c 10633  |d 10633 
952 |0 0  |1 0  |4 0  |6 323_445000000000000_HOR_T  |7 0  |9 12704  |a CAMPUS  |b CAMPUS  |d 2017-07-07  |l 0  |o 323.445 HOR.T  |p 02557  |r 2017-07-07  |w 2017-07-07  |y BK